[Event "Tarragona Province-ch"]
[Site "Tarragona"]
[Date "2018.09.30"]
[Round "1"]
[White "Rovira Morancho, Miquel"]
[Black "Cortes Simon, Pedro Antonio"]
[Result "1/2-1/2"]
[WhiteElo "1678"]
[BlackElo "1900"]
[PlyCount "59"]
[EventDate "2018.09.30"]
[EventType "swiss"]
[EventRounds "9"]
[EventCountry "ESP"]
[SourceTitle "CBM 187 Extra"]
[Source "ChessBase"]
[SourceDate "2018.11.04"]
[SourceVersion "1"]
[SourceVersionDate "2018.11.04"]
[SourceQuality "1"]

1. c4 Nf6 2. Nc3 d5 3. Nf3 g6 4. cxd5 Nxd5 5. d4 Bg7 6. e4 Nxc3 7. bxc3 c5 8. Be3 Nc6 9. h3 0-0 10. Rc1 cxd4 11. cxd4 Qa5+ 12. Bd2 Qxa2 13. Bc4 Qa3 14. 0-0 Nxd4 15. Nxd4 Bxd4 16. Rb1 a5 17. Bb4 Bxf2+ 18. Rxf2 axb4 19. Bxf7+ Rxf7 20. Qd8+ Kg7 21. Rxf7+ Kxf7 22. Qd5+ e6 23. Rf1+ Kg7 24. Qe5+ Kg8 25. Qf6 b3 26. Qf7+ Kh8 27. Qf6+ Kg8 28. Qf7+ Kh8 29. Qf6+ Kg8 30. Qf7+ 1/2-1/2